MARC details
| 000 -CABECERA |
| campo de control de longitud fija |
00777nam a2200217 a 4500 |
| 005 - FECHA Y HORA DE LA ÚLTIMA TRANSACCIÓN |
| campo de control |
20220915063602.0 |
| 008 - ELEMENTOS DE LONGITUD FIJA--INFORMACIÓN GENERAL |
| campo de control de longitud fija |
010706s1995 mx r 000 0 spa d |
| 020 ## - NÚMERO INTERNACIONAL NORMALIZADO PARA LIBROS |
| Número Internacional Estándar del Libro |
9586002500 (o.c.) |
| 035 ## - NÚMERO DE CONTROL DEL SISTEMA |
| Número de control de sistema |
UPN01000109345 |
| 049 ## - COLECCIÓN |
| Colección |
CG |
| 050 #4 - SIGNATURA TOPOGRÁFICA DE LA BIBLIOTECA DEL CONGRESO |
| Número de clasificación |
QA303 |
| Número de documento/Ítem |
S6.38 |
| 100 1# - ASIENTO PRINCIPAL--NOMBRE PERSONAL |
| Nombre de persona |
Stein, Sherman K. |
| 245 10 - MENCIÓN DE TÍTULO |
| Título |
Cálculo y geometría analítica / |
| Mención de responsabilidad, etc. |
Sherman K. Stein, Anthony Barcellos ; tr. Cipriano Armando Cruz Gálvez. |
| 260 ## - PUBLICACIÓN, DISTRIBUCIÓN, ETC. |
| Lugar de publicación, distribución, etc. |
Santa Fé de Bogotá : |
| Nombre del editor, distribuidor, etc. |
McGraw-Hill Interamericana, |
| Fecha de publicación, distribución, etc. |
c1995. |
| 300 ## - DESCRIPCIÓN FÍSICA |
| Extensión |
2v. |
| 534 ## - NOTA SOBRE LA VERSIÓN ORIGINAL |
| Frase introductoria |
Traducción de: |
| Mención de título del original |
Calculus and analytic geometry |
| Mención de edición del original |
Traducción de la quinta edición en inglés, |
| Publicación, distribución, etc. del original |
c1992. |
| 650 #7 - ASIENTO SECUNDARIO DE MATERIA - TERMINO TEMATICO |
| Término de materia o nombre geográfico como elemento de entrada |
Cálculo |
| Fuente del encabezamiento o término |
|
| 9 (RLIN) |
4497 |
| 650 #4 - ASIENTO SECUNDARIO DE MATERIA - TERMINO TEMATICO |
| Término de materia o nombre geográfico como elemento de entrada |
GEOMETRIA ANALITICA |
| 9 (RLIN) |
24622 |
| 700 1# - ASIENTO SECUNDARIO--NOMBRE DE PERSONAL |
| Nombre de persona |
Cruz Gálvez, Cipriano Armando, |
| Término indicativo de función/relación |
trad. |
| 905 ## - TIPO DE MATERIAL |
| Tipo de material |
Libro |